Skalka pri Trenčíne. : Miesto legiend a pútí. Regionálna bibliografia. /

Uložené v:
Podrobná bibliografia
Ďalší autori: Strohnerová, Ľudmila (Compiler)
Médium: Kniha
Jazyk:Slovak
Vydané: Trenčín : Okresná knižnica M.Rešetku-Trenčianske múzeum, 1996
Vydanie:1. vyd.
Témy:
ISBN: (brož.)
Fyzický popis: 63 s.
Tagy: Pridať tag
Žiadne tagy, Buďte prvý kto otaguje tento záznam!

MARC

LEADER 00000nam a2200000 a 4500
001 000027310
003 SVKK
005 19990607000000.0
008 960925s1996 xo e sloo
020 |a (brož.) 
040 |a SVKKK  |b slo  |c SVKKK  |e AACR2 
041 0 |a slo 
044 |a xo  |c SK 
080 |a 015(437.626)  |2 1997 
080 |a 016:908(437.626)  |2 1997 
245 0 0 |a Skalka pri Trenčíne. :  |b Miesto legiend a pútí. Regionálna bibliografia. /  |c Zost. Ľudmila Strohnerová 
250 |a 1. vyd. 
260 |a Trenčín :  |b Okresná knižnica M.Rešetku-Trenčianske múzeum,  |c 1996 
300 |a 63 s. 
653 0 |a Skalka pri Trenčíne (Slovensko)  |2 SVKKKPH 
653 0 |a bibliografie regionálne  |2 SVKKKPH 
655 7 |a bibliografie  |2 SVKKKPH 
700 1 |a Strohnerová, Ľudmila  |4 com 
910 |a svkkk 
974 |a MI  |d 19961029 
974 |a PA  |d 19961016 
974 |a MI  |d 19990607 
998 |a BK 
090 |g SCKHL  |k Sklad Pribinova 2. posch.  |a III.174123  |j 900064  |i 2720075855  |s Absenčne